00465nam a2200181Ia 4500008004100000020001400041245002900055245005800084260001500142260001600157260000900173300001400182300002500196300001000221440002600231500000700257999001900264170705s9999 xx 000 0 und d a590262653 aWe play on a rainy day / cAngela Shelf Medearis ; illustrated by Sylvia Walker. aNew York : bScholastic, c1995 aunpaged : bcolor illustration ; c23cm. aHello reader level 1. aBR c335296d335296